[Event "NOR-ch Elite 2019"]
[Site "Larvik"]
[Date "2019.07.08"]
[Round "4.7"]
[White "Christiansen, Johan-Sebastian"]
[Black "Mikalsen, Erlend"]
[Result "1-0"]
[WhiteElo "2548"]
[BlackElo "2404"]
[Annotator "RC"]
[PlyCount "59"]
[EventDate "2019.07.05"]
[EventType "swiss"]
[EventCountry "NOR"]
[SourceTitle "playchess.com"]
[Source "ChessBase"]
[SourceQuality "1"]
[TimeControl "40/5400+30:1800+30"]

1. e4 {[%emt 0:02:19]} c5 {[%emt 0:00:00]} 2. Nf3 {[%emt 0:00:22]} d6 {[%emt 0:00:00]} 3. d4 {[%emt 0:00:12]} cxd4 {[%emt 0:00:00]} 4. Nxd4 {[%emt 0:00:05]} Nf6 {[%emt 0:00:00]} 5. Nc3 {[%emt 0:00:05]} Nc6 {[%emt 0:00:00]} 6. Bg5 {[%emt 0:00:17]} e6 {[%emt 0:00:06]} 7. Qd3 {[%emt 0:00:31]} a6 {[%emt 0:11:59]} 8. Nxc6 {[%emt 0:00:40]} bxc6 {[%emt 0:00:05]} 9. O-O-O {[%emt 0:00:04]} Qa5 {[%emt 0:06:08]} 10. Qg3 {[%emt 0:00:31]} Be7 {[%emt 0:13:32]} 11. h4 {[%emt 0:03:35]} Rb8 {[%emt 0:07:31]} 12. Bc4 {[%emt 0:06:31]} h6 {[%emt 0:10:46]} 13. Bd2 {[%emt 0:03:50]} Qe5 {[%emt 0:11:18]} 14. Bf4 {[%emt 0:05:51]} Qc5 {[%emt 0:03:20]} 15. Bxd6 {[%emt 0:00:40]} Bxd6 {[%emt 0:00:18]} 16. Qxd6 {[%emt 0:00:08]} Qxd6 {[%emt 0:00:24]} 17. Rxd6 {[%emt 0:00:03]} Ke7 {[%emt 0:00:31]} 18. Rxc6 {[%emt 0:04:54]} a5 {[%emt 0:00:56]} 19. Rc7+ {[%emt 0:07:09]} Bd7 {[%emt 0:00:14]} 20. e5 {[%emt 0:04:48]} Ng4 {[%emt 0:00:04]} 21. Rd1 {[%emt 0:02:01]} Nxe5 {[%emt 0:00:17]} 22. Bb5 {[%emt 0:00:59]} Rhc8 {[%emt 0:00:53]} 23. Ra7 {[%emt 0:21:55]} Rxc3 {[%emt 0:01:16]} 24. bxc3 {[%emt 0:00:29]} Rxb5 {[%emt 0:00:04]} 25. f4 {[%emt 0:00:03]} Ke8 {[%emt 0:02:21]} 26. fxe5 {[%emt 0:00:28]} Bc6 {[%emt 0:00:04]} 27. Rd6 {[%emt 0:00:24]} Bxg2 {[%emt 0:00:17]} 28. Rdd7 {[%emt 0:00:07]} Rxe5 {[%emt 0:00:22]} 29. Re7+ {[%emt 0:00:07]} Kd8 {[%emt 0:00:31]} 30. Rxf7 {[%emt 0:00:06]} 1-0

[Event "NOR-ch Elite 2019"]
[Site "Larvik"]
[Date "2019.07.08"]
[Round "4.8"]
[White "Moen, Andreas G.R."]
[Black "Mihajlov, Sebastian"]
[Result "1/2-1/2"]
[WhiteElo "2322"]
[BlackElo "2375"]
[Annotator "NA"]
[PlyCount "22"]
[EventDate "2019.07.05"]
[EventType "swiss"]
[EventCountry "NOR"]
[SourceTitle "playchess.com"]
[Source "ChessBase"]
[SourceQuality "1"]
[TimeControl "40/5400+30:1800+30"]

1. Nf3 {[%emt 0:00:02]} Nf6 {[%emt 0:02:05]} 2. d4 {[%emt 0:00:56]} d5 {[%emt 0:02:53]} 3. g3 {[%emt 0:03:16]} c6 {[%emt 0:04:50]} 4. Bg2 {[%emt 0:00:35]} Bg4 {[%emt 0:00:25]} 5. Ne5 {[%emt 0:06:14]} Bf5 {[%emt 0:00:47]} 6. c4 {[%emt 0:05:59]} e6 {[%emt 0:00:15]} 7. Nc3 {[%emt 0:06:11]} Nbd7 {[%emt 0:03:12]} 8. Qb3 {[%emt 0:15:50]} Qb6 {[%emt 0:04:14]} 9. Nxd7 {[%emt 0:16:08]} Nxd7 {[%emt 0:01:06]} 10. Qxb6 {[%emt 0:05:35]} axb6 {[%emt 0:00:27]} 11. e4 {[%emt 0:01:40]} dxe4 {[%emt 0:00:16]} 1/2-1/2

[Event "NOR-ch Elite 2019"]
[Site "Larvik"]
[Date "2019.07.08"]
[Round "4.9"]
[White "Kaasen, Tor Fredrik"]
[Black "Ranaldi, Lucas"]
[Result "1/2-1/2"]
[WhiteElo "2376"]
[BlackElo "2262"]
[Annotator "NA"]
[PlyCount "122"]
[EventDate "2019.07.05"]
[EventType "swiss"]
[EventCountry "NOR"]
[SourceTitle "playchess.com"]
[Source "ChessBase"]
[SourceQuality "1"]
[TimeControl "40/5400+30:1800+30"]

1. c4 {[%emt 0:00:00]} c5 {[%emt 0:00:00]} 2. Nc3 {[%emt 0:00:13]} Nc6 {[%emt 0:00:00]} 3. g3 {[%emt 0:00:06]} g6 {[%emt 0:00:03]} 4. Bg2 {[%emt 0:00:13]} Bg7 {[%emt 0:00:06]} 5. b3 {[%emt 0:00:05]} e5 {[%emt 0:00:45]} 6. Bb2 {[%emt 0:01:17]} Nge7 {[%emt 0:00:08]} 7. e3 {[%emt 0:01:20]} d6 {[%emt 0:07:23]} 8. Nge2 {[%emt 0:02:35]} Be6 {[%emt 0:02:06]} 9. O-O {[%emt 0:04:32]} O-O {[%emt 0:04:52]} 10. Nd5 {[%emt 0:06:10]} Qd7 {[%emt 0:00:08]} 11. f4 {[%emt 0:10:12]} f5 {[%emt 0:22:02]} 12. d3 {[%emt 0:01:37]} Rae8 {[%emt 0:06:58]} 13. Qd2 {[%emt 0:02:02]} Kh8 {[%emt 0:02:07]} 14. a3 {[%emt 0:03:40]} b6 {[%emt 0:04:04]} 15. b4 {[%emt 0:01:05]} Bg8 {[%emt 0:12:29]} 16. Bc3 {[%emt 0:03:13]} Nd8 {[%emt 0:01:54]} 17. Rab1 {[%emt 0:06:57]} h6 {[%emt 0:03:10]} 18. b5 {[%emt 0:05:54]} Ne6 {[%emt 0:11:18]} 19. Qb2 {[%emt 0:03:55]} Nxd5 {[%emt 0:00:30]} 20. Bxd5 {[%emt 0:03:46]} Nd8 {[%emt 0:02:16]} 21. Bg2 {[%emt 0:02:06]} Kh7 {[%emt 0:01:10]} 22. Rbe1 {[%emt 0:03:15]} d5 {[%emt 0:04:40]} 23. cxd5 {[%emt 0:04:19]} Bxd5 {[%emt 0:00:35]} 24. e4 {[%emt 0:01:47]} fxe4 {[%emt 0:00:18]} 25. dxe4 {[%emt 0:00:11]} Bc4 {[%emt 0:00:24]} 26. a4 {[%emt 0:00:08]} Ne6 {[%emt 0:03:36]} 27. Bh3 {[%emt 0:03:07]} exf4 {[%emt 0:01:23]} 28. gxf4 {[%emt 0:06:27]} Bxe2 {[%emt 0:03:22]} 29. Bxe6 {[%emt 0:00:45]} Rxe6 {[%emt 0:03:20]} 30. Rxe2 {[%emt 0:00:16]} Bxc3 {[%emt 0:00:57]} 31. Qxc3 {[%emt 0:00:02]} Rd6 {[%emt 0:01:40]} 32. Qc2 {[%emt 0:02:50]} Rd4 {[%emt 0:01:03]} 33. Rg2 {[%emt 0:00:53]} Qe7 {[%emt 0:00:40]} 34. f5 {[%emt 0:01:36]} g5 {[%emt 0:00:33]} 35. h4 {[%emt 0:02:34]} Qxe4 {[%emt 0:00:23]} 36. Qxe4 {[%emt 0:00:11]} Rxe4 {[%emt 0:00:01]} 37. hxg5 {[%emt 0:00:08]} hxg5 {[%emt 0:00:18]} 38. Kh2 {[%emt 0:01:50]} Rf4 {[%emt 0:00:42]} 39. Rxf4 {[%emt 0:00:32]} gxf4 {[%emt 0:00:01]} 40. Rg5 {[%emt 0:00:08]} Kh6 {[%emt 0:00:56]} 41. Rg6+ {[%emt 0:30:05]} Kh5 {[%emt 0:06:11]} 42. Rg7 {[%emt 0:00:00]} c4 {[%emt 0:11:32]} 43. Rxa7 {[%emt 0:00:00]} Rc8 {[%emt 0:00:23]} 44. a5 {[%emt 0:00:00]} bxa5 {[%emt 0:02:24]} 45. b6 {[%emt 0:00:00]} Rb8 {[%emt 0:00:21]} 46. Rxa5 {[%emt 0:00:00]} Rxb6 {[%emt 0:00:08]} 47. Rc5 {[%emt 0:00:00]} Rb2+ {[%emt 0:01:00]} 48. Kh3 {[%emt 0:00:00]} Rb3+ {[%emt 0:00:42]} 49. Kg2 {[%emt 0:00:00]} Kg4 {[%emt 0:04:26]} 50. f6 {[%emt 0:00:00]} Rb2+ {[%emt 0:01:24]} 51. Kg1 {[%emt 0:00:54]} Rb7 {[%emt 0:03:05]} 52. Kf2 {[%emt 0:01:26]} Rb2+ {[%emt 0:01:40]} 53. Kg1 {[%emt 0:00:03]} Rb6 {[%emt 0:03:41]} 54. Kf2 {[%emt 0:06:21]} Rxf6 {[%emt 0:00:10]} 55. Rxc4 {[%emt 0:00:02]} Ra6 {[%emt 0:00:46]} 56. Rc2 {[%emt 0:00:07]} Rh6 {[%emt 0:00:13]} 57. Rc3 {[%emt 0:01:31]} Rh2+ {[%emt 0:00:12]} 58. Kg1 {[%emt 0:00:25]} Re2 {[%emt 0:01:18]} 59. Kf1 {[%emt 0:00:06]} Rb2 {[%emt 0:00:26]} 60. Ra3 {[%emt 0:00:10]} f3 {[%emt 0:00:33]} 61. Ra8 {[%emt 0:00:06]} Kg3 {[%emt 0:00:13]} 1/2-1/2

[Event "NOR-ch Elite 2019"]
[Site "Larvik"]
[Date "2019.07.08"]
[Round "4.10"]
[White "Andersen, Alf Roger"]
[Black "Tryggestad, Andreas Garberg"]
[Result "1/2-1/2"]
[WhiteElo "2149"]
[BlackElo "2336"]
[Annotator "NA"]
[PlyCount "185"]
[EventDate "2019.07.05"]
[EventType "swiss"]
[EventCountry "NOR"]
[SourceTitle "playchess.com"]
[Source "ChessBase"]
[SourceQuality "1"]
[TimeControl "40/5400+30:1800+30"]

1. e4 {[%emt 0:00:00]} c5 {[%emt 0:00:00]} 2. Nf3 {[%emt 0:00:00]} e6 {[%emt 0:00:00]} 3. d4 {[%emt 0:00:00]} cxd4 {[%emt 0:00:00]} 4. Nxd4 {[%emt 0:00:00]} Nc6 {[%emt 0:00:01]} 5. Nc3 {[%emt 0:00:27]} Qc7 {[%emt 0:00:05]} 6. Be2 {[%emt 0:00:23]} Nf6 {[%emt 0:00:06]} 7. Be3 {[%emt 0:00:45]} Be7 {[%emt 0:00:06]} 8. O-O {[%emt 0:02:26]} O-O {[%emt 0:00:08]} 9. f4 {[%emt 0:10:34]} d6 {[%emt 0:00:06]} 10. Kh1 {[%emt 0:08:35]} Bd7 {[%emt 0:02:15]} 11. Nb3 {[%emt 0:05:32]} a6 {[%emt 0:03:01]} 12. a4 {[%emt 0:02:53]} Nb4 {[%emt 0:07:06]} 13. Nd4 {[%emt 0:23:53]} d5 {[%emt 0:25:06]} 14. e5 {[%emt 0:03:36]} Ne8 {[%emt 0:02:42]} 15. a5 {[%emt 0:03:24]} f6 {[%emt 0:03:34]} 16. Bg4 {[%emt 0:07:06]} f5 {[%emt 0:04:21]} 17. Bf3 {[%emt 0:01:32]} g6 {[%emt 0:17:26]} 18. Na4 {[%emt 0:02:45]} Ng7 {[%emt 0:02:40]} 19. Nb6 {[%emt 0:03:39]} Rad8 {[%emt 0:00:01]} 20. c3 {[%emt 0:01:45]} Nc6 {[%emt 0:01:38]} 21. Bxd5 {[%emt 0:04:08]} Kh8 {[%emt 0:22:43]} 22. Nxd7 {[%emt 0:04:50]} Qxd7 {[%emt 0:00:53]} 23. Nxc6 {[%emt 0:00:46]} bxc6 {[%emt 0:00:19]} 24. Bc4 {[%emt 0:00:09]} Qb7 {[%emt 0:00:35]} 25. Qe2 {[%emt 0:00:26]} Ra8 {[%emt 0:00:16]} 26. Rad1 {[%emt 0:03:11]} c5 {[%emt 0:01:21]} 27. Rd2 {[%emt 0:03:59]} g5 {[%emt 0:01:56]} 28. fxg5 {[%emt 0:01:10]} Qc6 {[%emt 0:00:16]} 29. Bf4 {[%emt 0:01:49]} Qa4 {[%emt 0:00:44]} 30. Bxa6 {[%emt 0:01:36]} Qxa5 {[%emt 0:00:01]} 31. Bc4 {[%emt 0:00:57]} Qa4 {[%emt 0:00:18]} 32. Bb5 {[%emt 0:01:26]} Qa5 {[%emt 0:00:56]} 33. Bc4 {[%emt 0:00:08]} Qa4 {[%emt 0:00:06]} 34. b3 {[%emt 0:00:31]} Qe8 {[%emt 0:00:01]} 35. Qf3 {[%emt 0:01:51]} Qg6 {[%emt 0:00:05]} 36. Rd7 {[%emt 0:00:31]} Rae8 {[%emt 0:00:48]} 37. h4 {[%emt 0:01:03]} Nh5 {[%emt 0:00:01]} 38. Ra1 {[%emt 0:00:38]} h6 {[%emt 0:00:01]} 39. Raa7 {[%emt 0:00:34]} Nxf4 {[%emt 0:01:37]} 40. Qxf4 {[%emt 0:00:25]} hxg5 {[%emt 0:00:04]} 41. hxg5 {[%emt 0:12:18]} Rf7 {[%emt 0:00:26]} 42. Kg1 {[%emt 0:04:20]} Kg8 {[%emt 0:01:10]} 43. Qf3 {[%emt 0:03:23]} Kf8 {[%emt 0:07:33]} 44. Ra6 {[%emt 0:06:45]} Bxg5 {[%emt 0:01:25]} 45. Rxf7+ {[%emt 0:00:29]} Kxf7 {[%emt 0:00:02]} 46. Ra7+ {[%emt 0:01:57]} Re7 {[%emt 0:00:02]} 47. Rxe7+ {[%emt 0:00:24]} Bxe7 {[%emt 0:00:03]} 48. Kf1 {[%emt 0:00:50]} Qg5 {[%emt 0:00:30]} 49. Ke2 {[%emt 0:00:33]} f4 {[%emt 0:02:23]} 50. Qe4 {[%emt 0:00:14]} Qg4+ {[%emt 0:00:01]} 51. Kd2 {[%emt 0:00:53]} Bg5 {[%emt 0:01:44]} 52. Kc2 {[%emt 0:00:42]} Be7 {[%emt 0:05:59]} 53. Kb2 {[%emt 0:00:24]} Kf8 {[%emt 0:02:18]} 54. Ka3 {[%emt 0:00:58]} Kg7 {[%emt 0:08:00]} 55. Ka4 {[%emt 0:00:29]} Kf7 {[%emt 0:07:35]} 56. Kb5 {[%emt 0:00:26]} Kg7 {[%emt 0:00:32]} 57. Kc6 {[%emt 0:02:48]} Qh5 {[%emt 0:00:17]} 58. Kd7 {[%emt 0:00:40]} Bg5 {[%emt 0:00:21]} 59. Bxe6 {[%emt 0:00:23]} Qh8 {[%emt 0:00:02]} 60. Qb7 {[%emt 0:00:56]} Kg6 {[%emt 0:00:19]} 61. Qe4+ {[%emt 0:00:16]} Kg7 62. Qb7 {[%emt 0:00:38]} Kh6 {[%emt 0:00:17]} 63. Kd6 {[%emt 0:00:48]} Qd8+ {[%emt 0:00:11]} 64. Kxc5 {[%emt 0:00:29]} Qd3 {[%emt 0:02:23]} 65. Kb4 {[%emt 0:00:30]} Qe2 {[%emt 0:00:02]} 66. Qd5 {[%emt 0:00:25]} Be7+ {[%emt 0:00:01]} 67. Ka5 {[%emt 0:00:31]} Qa2+ {[%emt 0:01:09]} 68. Kb5 {[%emt 0:00:34]} Qe2+ {[%emt 0:00:16]} 69. Kb6 {[%emt 0:00:27]} Kg5 {[%emt 0:00:51]} 70. Bd7 {[%emt 0:00:28]} Bd8+ {[%emt 0:00:07]} 71. Kb7 {[%emt 0:00:22]} Kh4 {[%emt 0:00:18]} 72. Bc6 {[%emt 0:00:40]} Be7 {[%emt 0:00:38]} 73. Qf7 {[%emt 0:00:33]} Qxe5 {[%emt 0:00:08]} 74. Qh7+ {[%emt 0:00:26]} Kg3 {[%emt 0:00:10]} 75. Qd3+ {[%emt 0:00:25]} Kh2 {[%emt 0:00:11]} 76. Qe4 {[%emt 0:00:36]} Qf6 {[%emt 0:00:24]} 77. b4 {[%emt 0:00:23]} Bd6 {[%emt 0:00:34]} 78. Qh7+ {[%emt 0:00:34]} Kg1 {[%emt 0:00:06]} 79. c4 {[%emt 0:00:37]} Qd4 {[%emt 0:00:19]} 80. Bd5 {[%emt 0:00:26]} Be5 {[%emt 0:00:36]} 81. Qc2 {[%emt 0:00:32]} Bd6 {[%emt 0:00:08]} 82. Qb1+ {[%emt 0:00:22]} Kf2 {[%emt 0:00:00]} 83. Qc2+ {[%emt 0:00:36]} Kg1 {[%emt 0:00:00]} 84. Qg6 {[%emt 0:00:31]} Qe5 {[%emt 0:00:00]} 85. Qh7 {[%emt 0:00:31]} Bxb4 {[%emt 0:00:01]} 86. Qb1+ {[%emt 0:00:19]} Be1 {[%emt 0:00:01]} 87. Qe4 {[%emt 0:00:40]} Qg7+ {[%emt 0:00:10]} 88. Ka6 {[%emt 0:00:27]} Bd2 {[%emt 0:00:13]} 89. Qe2 {[%emt 0:00:38]} Be3 {[%emt 0:00:05]} 90. Qe1+ {[%emt 0:00:06]} Kh2 {[%emt 0:00:01]} 91. Qh4+ {[%emt 0:00:07]} Kg1 {[%emt 0:00:01]} 92. Qe1+ {[%emt 0:01:05]} Kh2 {[%emt 0:00:02]} 93. Qh4+ {[%emt 0:00:17]} 1/2-1/2

[Event "NOR-ch Elite 2019"]
[Site "Larvik"]
[Date "2019.07.08"]
[Round "4.11"]
[White "Vestby-Ellingsen, Mads"]
[Black "Altarbosh, Ward"]
[Result "1-0"]
[WhiteElo "2335"]
[BlackElo "2202"]
[Annotator "NA"]
[PlyCount "261"]
[EventDate "2019.07.05"]
[EventType "swiss"]
[EventCountry "NOR"]
[SourceTitle "playchess.com"]
[Source "ChessBase"]
[SourceQuality "1"]
[TimeControl "40/5400+30:1800+30"]

1. e4 {[%emt 0:00:00]} e6 {[%emt 0:00:44]} 2. d4 {[%emt 0:00:21]} d5 {[%emt 0:00:10]} 3. Nc3 {[%emt 0:00:13]} Nf6 {[%emt 0:00:08]} 4. e5 {[%emt 0:00:13]} Nfd7 {[%emt 0:00:04]} 5. f4 {[%emt 0:00:11]} c5 {[%emt 0:00:04]} 6. Nf3 {[%emt 0:00:07]} Nc6 {[%emt 0:00:02]} 7. Be3 {[%emt 0:00:10]} a6 {[%emt 0:00:03]} 8. Qd2 {[%emt 0:00:10]} b5 {[%emt 0:00:05]} 9. dxc5 {[%emt 0:00:10]} Bxc5 {[%emt 0:00:07]} 10. Bd3 {[%emt 0:00:19]} Qb6 {[%emt 0:00:06]} 11. Bf2 {[%emt 0:00:12]} Bb7 {[%emt 0:00:10]} 12. a3 {[%emt 0:00:30]} b4 {[%emt 0:09:03]} 13. axb4 {[%emt 0:00:56]} Bxf2+ {[%emt 0:03:08]} 14. Qxf2 {[%emt 0:00:10]} Qxb4 {[%emt 0:00:08]} 15. Qd2 {[%emt 0:02:08]} Nd4 {[%emt 0:00:42]} 16. Nxd4 {[%emt 0:06:54]} Qxd4 {[%emt 0:00:27]} 17. Qf2 {[%emt 0:03:03]} Qxf2+ {[%emt 0:00:33]} 18. Kxf2 {[%emt 0:00:09]} g5 {[%emt 0:01:36]} 19. g3 {[%emt 0:01:40]} f6 {[%emt 0:00:47]} 20. exf6 {[%emt 0:04:12]} gxf4 {[%emt 0:00:28]} 21. gxf4 {[%emt 0:05:40]} Nxf6 {[%emt 0:00:11]} 22. Rhg1 {[%emt 0:03:50]} Kf7 {[%emt 0:01:21]} 23. Ne2 {[%emt 0:04:36]} Rhg8 {[%emt 0:00:08]} 24. Rxg8 {[%emt 0:08:32]} Rxg8 {[%emt 0:00:44]} 25. h3 {[%emt 0:01:01]} h5 {[%emt 0:03:04]} 26. Ra4 {[%emt 0:08:35]} h4 {[%emt 0:04:13]} 27. Rb4 {[%emt 0:06:02]} Ba8 {[%emt 0:03:27]} 28. Rb6 {[%emt 0:05:12]} d4 {[%emt 0:00:48]} 29. Rxa6 {[%emt 0:02:54]} Rg2+ {[%emt 0:06:16]} 30. Kf1 {[%emt 0:01:02]} Bd5 {[%emt 0:01:23]} 31. Ra7+ {[%emt 0:02:37]} Kf8 {[%emt 0:02:04]} 32. Nxd4 {[%emt 0:14:37]} Rg3 {[%emt 0:00:22]} 33. Ra6 {[%emt 0:18:16]} Kf7 {[%emt 0:22:50]} 34. Ra7+ {[%emt 0:00:10]} Kg8 {[%emt 0:00:10]} 35. Ra6 {[%emt 0:01:52]} Rxh3 {[%emt 0:00:28]} 36. Nxe6 {[%emt 0:00:23]} Rh1+ {[%emt 0:03:03]} 37. Ke2 {[%emt 0:00:42]} h3 {[%emt 0:00:30]} 38. Ng5 {[%emt 0:00:32]} h2 {[%emt 0:00:18]} 39. Rxf6 {[%emt 0:00:23]} Re1+ {[%emt 0:00:16]} 40. Kxe1 {[%emt 0:00:33]} h1=Q+ {[%emt 0:00:08]} 41. Kd2 {[%emt 0:06:34]} Qh2+ {[%emt 0:00:39]} 42. Ke3 {[%emt 0:01:53]} Qg1+ {[%emt 0:04:18]} 43. Ke2 {[%emt 0:00:34]} Qh2+ {[%emt 0:09:23]} 44. Ke3 {[%emt 0:00:49]} Kg7 {[%emt 0:01:17]} 45. Rg6+ {[%emt 0:01:45]} Kf8 {[%emt 0:00:04]} 46. Kd4 {[%emt 0:02:28]} Bb7 {[%emt 0:13:46]} 47. Kc5 {[%emt 0:09:20]} Qf2+ {[%emt 0:00:11]} 48. Kb5 {[%emt 0:00:16]} Bd5 {[%emt 0:02:01]} 49. Rd6 {[%emt 0:00:50]} Bg8 {[%emt 0:01:17]} 50. Ne4 {[%emt 0:04:49]} Qh2 {[%emt 0:01:11]} 51. Rd8+ {[%emt 0:00:50]} Kg7 {[%emt 0:00:10]} 52. Rd7+ {[%emt 0:00:19]} Kf8 {[%emt 0:00:32]} 53. Rd8+ {[%emt 0:01:59]} Kg7 {[%emt 0:00:05]} 54. Rd7+ {[%emt 0:01:56]} Kg6 {[%emt 0:02:41]} 55. Nf2+ {[%emt 0:02:33]} Kh5 {[%emt 0:00:22]} 56. Rg7 {[%emt 0:01:04]} Qxf4 {[%emt 0:01:31]} 57. Rxg8 {[%emt 0:00:39]} Qe5+ {[%emt 0:00:05]} 58. Ka4 {[%emt 0:00:32]} Qd4+ {[%emt 0:00:23]} 59. b4 {[%emt 0:00:20]} Qxf2 {[%emt 0:00:38]} 60. Rg6 {[%emt 0:00:21]} Qd4 {[%emt 0:00:22]} 61. Kb3 {[%emt 0:00:45]} Qd5+ {[%emt 0:00:07]} 62. Ka3 {[%emt 0:00:11]} Qd4 {[%emt 0:00:53]} 63. b5 {[%emt 0:00:49]} Qc5+ {[%emt 0:00:05]} 64. Kb3 {[%emt 0:00:27]} Qd5+ {[%emt 0:00:06]} 65. Kb4 {[%emt 0:00:09]} Qd4+ {[%emt 0:00:05]} 66. Ka5 {[%emt 0:00:08]} Qc3+ {[%emt 0:00:20]} 67. Kb6 {[%emt 0:00:24]} Qd4+ {[%emt 0:00:04]} 68. Kc6 {[%emt 0:00:43]} Qa4 {[%emt 0:00:04]} 69. Kb7 {[%emt 0:00:43]} Qd4 {[%emt 0:00:22]} 70. b6 {[%emt 0:00:54]} Qd7+ {[%emt 0:00:14]} 71. Kb8 {[%emt 0:00:22]} Qd8+ {[%emt 0:00:11]} 72. Ka7 {[%emt 0:00:08]} Qd4 {[%emt 0:00:03]} 73. Rc6 {[%emt 0:00:50]} Kg5 {[%emt 0:00:06]} 74. Rc4 {[%emt 0:00:17]} Qa1+ {[%emt 0:00:06]} 75. Kb8 {[%emt 0:00:10]} Qe5+ {[%emt 0:00:05]} 76. Kc8 {[%emt 0:01:03]} Qe8+ {[%emt 0:01:04]} 77. Kc7 {[%emt 0:00:09]} Qe7+ {[%emt 0:00:11]} 78. Kc6 {[%emt 0:00:06]} Qe8+ {[%emt 0:00:26]} 79. Kc5 {[%emt 0:00:17]} Qe5+ {[%emt 0:00:05]} 80. Kb4 {[%emt 0:01:26]} Qb2+ {[%emt 0:00:05]} 81. Ka5 {[%emt 0:00:07]} Kf6 {[%emt 0:00:09]} 82. Rb4 {[%emt 0:01:01]} Qa1+ {[%emt 0:00:06]} 83. Ra4 {[%emt 0:00:35]} Qe5+ {[%emt 0:00:12]} 84. Ka6 {[%emt 0:00:23]} Qd6 {[%emt 0:00:40]} 85. Rc4 {[%emt 0:00:40]} Ke7 {[%emt 0:00:07]} 86. Kb5 {[%emt 0:00:33]} Qd7+ {[%emt 0:00:50]} 87. Ka5 {[%emt 0:00:27]} Qd5+ {[%emt 0:00:06]} 88. Ka4 {[%emt 0:00:24]} Kd6 {[%emt 0:00:08]} 89. Kb4 {[%emt 0:00:40]} Qe5 {[%emt 0:00:16]} 90. Kb3 {[%emt 0:00:25]} Qa1 {[%emt 0:00:14]} 91. Rb4 {[%emt 0:00:31]} Qb1+ {[%emt 0:00:19]} 92. Kc4 {[%emt 0:00:26]} Qa2+ {[%emt 0:00:07]} 93. Rb3 {[%emt 0:00:21]} Qa5 {[%emt 0:00:16]} 94. Rb5 {[%emt 0:00:29]} Qa4+ {[%emt 0:01:03]} 95. Kc3 {[%emt 0:00:10]} Qa8 {[%emt 0:00:39]} 96. b7 {[%emt 0:00:19]} Qb8 {[%emt 0:00:01]} 97. Kb2 {[%emt 0:00:35]} Kc6 {[%emt 0:00:08]} 98. Kb1 {[%emt 0:00:13]} Kc7 {[%emt 0:00:33]} 99. Be4 {[%emt 0:00:14]} Kd6 {[%emt 0:00:14]} 100. Bf3 {[%emt 0:00:25]} Kd7 {[%emt 0:00:19]} 101. Rb3 {[%emt 0:00:38]} Ke7 {[%emt 0:00:52]} 102. Rb5 {[%emt 0:01:35]} Kd7 {[%emt 0:00:15]} 103. c3 {[%emt 0:00:36]} Ke7 {[%emt 0:00:10]} 104. c4 {[%emt 0:00:19]} Kd6 {[%emt 0:00:03]} 105. c5+ {[%emt 0:00:17]} Ke5 {[%emt 0:00:03]} 106. c6+ {[%emt 0:00:15]} Kd6 {[%emt 0:00:17]} 107. Rb2 {[%emt 0:00:52]} Kc7 {[%emt 0:00:09]} 108. Rb3 {[%emt 0:00:20]} Kd6 {[%emt 0:00:11]} 109. Rd3+ {[%emt 0:00:26]} Ke6 {[%emt 0:00:32]} 110. Bg4+ {[%emt 0:00:56]} Ke5 {[%emt 0:00:13]} 111. Rb3 {[%emt 0:00:25]} Kd6 {[%emt 0:00:06]} 112. Bd7 {[%emt 0:00:21]} Kc7 {[%emt 0:00:09]} 113. Rb2 {[%emt 0:00:22]} Kd6 {[%emt 0:00:09]} 114. Kc1 {[%emt 0:00:49]} Kd5 {[%emt 0:00:28]} 115. Rd2+ {[%emt 0:00:29]} Ke4 {[%emt 0:01:23]} 116. Re2+ {[%emt 0:00:33]} Kf3 {[%emt 0:00:39]} 117. Rd2 {[%emt 0:00:38]} Qf4 {[%emt 0:00:33]} 118. Be6 {[%emt 0:00:30]} Ke3 {[%emt 0:00:34]} 119. Bb3 {[%emt 0:00:31]} Qf1+ {[%emt 0:06:53]} 120. Bd1 {[%emt 0:00:16]} Qf4 {[%emt 0:02:14]} 121. Rb2 {[%emt 0:00:21]} Qc4+ {[%emt 0:01:20]} 122. Kb1 {[%emt 0:00:10]} Qd3+ {[%emt 0:00:06]} 123. Ka2 {[%emt 0:00:59]} Qa6+ {[%emt 0:00:07]} 124. Kb3 {[%emt 0:00:22]} Qb5+ {[%emt 0:02:46]} 125. Ka3 {[%emt 0:00:07]} Qc5+ {[%emt 0:00:11]} 126. Rb4 {[%emt 0:01:02]} Qc1+ {[%emt 0:00:05]} 127. Ka2 {[%emt 0:00:31]} Qd2+ {[%emt 0:00:10]} 128. Rb2 {[%emt 0:00:27]} Qa5+ {[%emt 0:00:18]} 129. Kb1 {[%emt 0:00:08]} Qf5+ {[%emt 0:00:12]} 130. Kc1 {[%emt 0:00:31]} Qc5+ {[%emt 0:00:04]} 131. Bc2 {[%emt 0:00:13]} 1-0

[Event "NOR-ch Elite 2019"]
[Site "Larvik"]
[Date "2019.07.08"]
[Round "4.12"]
[White "Risting, Eivind Olav"]
[Black "Skrondal, Inge Sandstad"]
[Result "1/2-1/2"]
[WhiteElo "2314"]
[BlackElo "2312"]
[Annotator "NA"]
[PlyCount "46"]
[EventDate "2019.07.05"]
[EventType "swiss"]
[EventCountry "NOR"]
[SourceTitle "playchess.com"]
[Source "ChessBase"]
[SourceQuality "1"]
[TimeControl "40/5400+30:1800+30"]

1. d4 {[%emt 0:03:34]} d5 {[%emt 0:00:40]} 2. c4 {[%emt 0:00:20]} e6 {[%emt 0:00:04]} 3. Nc3 {[%emt 0:00:42]} Nf6 {[%emt 0:00:07]} 4. Nf3 {[%emt 0:00:57]} Be7 {[%emt 0:00:05]} 5. Bf4 {[%emt 0:00:06]} O-O {[%emt 0:00:10]} 6. e3 {[%emt 0:00:47]} b6 {[%emt 0:00:10]} 7. cxd5 {[%emt 0:00:35]} Nxd5 {[%emt 0:00:30]} 8. Nxd5 {[%emt 0:01:13]} Qxd5 {[%emt 0:00:05]} 9. Bd3 {[%emt 0:15:18]} Qa5+ {[%emt 0:01:14]} 10. Kf1 {[%emt 0:08:44]} Ba6 {[%emt 0:23:15]} 11. Bxc7 {[%emt 0:15:58]} Bxd3+ {[%emt 0:05:05]} 12. Qxd3 {[%emt 0:00:06]} Na6 {[%emt 0:00:13]} 13. Bg3 {[%emt 0:01:52]} Rfc8 {[%emt 0:05:25]} 14. a3 {[%emt 0:05:10]} Nb4 {[%emt 0:03:25]} 15. Qd1 {[%emt 0:08:05]} Qb5+ {[%emt 0:03:41]} 16. Qe2 {[%emt 0:09:34]} Qa4 {[%emt 0:14:46]} 17. h3 {[%emt 0:05:09]} Rc2 {[%emt 0:18:46]} 18. Qd1 {[%emt 0:01:32]} Nd5 {[%emt 0:00:14]} 19. Kg1 {[%emt 0:02:26]} Qc4 {[%emt 0:02:32]} 20. Ne5 {[%emt 0:07:30]} Qb3 {[%emt 0:00:31]} 21. Rb1 {[%emt 0:05:44]} a5 {[%emt 0:04:51]} 22. Kh2 {[%emt 0:00:43]} a4 {[%emt 0:00:21]} 23. Nd3 {[%emt 0:03:41]} Rac8 {[%emt 0:01:20]} 1/2-1/2